000 00556nam a2200193 i 4500
001 90126
003 ES-MaACL
005 20240409133115.0
007 t|
008 050118s1911 sp ||||1| spa d
100 1 _aLefert, Paul.
_971234
245 1 0 _aMemorándum de higiene /
_cpor Pablo Lefert ; versión de Julio Ortega.
250 _a[2ª ed.].
260 _aMadrid :
_bBailly-Baillière,
_c1911.
300 _a299 p. ;
_c18 cm.
700 0 _aOrtega, Julio,
_d1942-
_987416
852 _aES-MaACL
_jB-12634
999 _c90126
_d90126